Normal view
MARC view
- Dams -Appurtenant Hydraulic Structures
Entry Topical Term
001 - CONTROL NUMBER
- control field: 5164
003 - CONTROL NUMBER IDENTIFIER
- control field: JO-AjAnu
005 - DATE AND TIME OF LATEST TRANSACTION
- control field: 20230606071135.0
008 - FIXED-LENGTH DATA ELEMENTS
- fixed length control field: 230606|| aca||aabn | a|a d
040 ## - CATALOGING SOURCE
- Original cataloging agency: JO-AjAnu
- Transcribing agency: JO-AjAnu
150 ## - HEADING--TOPICAL TERM
- Topical term or geographic name entry element: Dams -Appurtenant Hydraulic Structures
670 ## - SOURCE DATA FOUND
- Source citation: Work cat.: (JO-AjAnu)2667: Tannchev , Ljubomir, author 5163, Dams and Appurtenant Hydraulic Structures